00587nam a2200193 4500010001100000020001000011035001100021037001800032040001200050082001700062100001900079245013000098260003300228270002700261300002500288650003800313650002500351700001700376 a613109 c40.00 a613109 bCen Lib / Ret aDPLbEN a347.972bAGR aAgrawal, S. K. aSupreme Court on criminal law; twenty-one years Supreme Court criminal digest, 1950-70 /cby S. K. Agrawal [and] S. G. Singh  aAllahabadbLaw Book Coc1971 aLaw Book CobAllahabad alv, 1045p.b24cm(Hb) aCriminal law -- India -- Digests. aCriminal law - India aS. G. Singh